Le societá cooperative di produzione (Record no. 162860)

MARC details
000 -LEADER
campo de control de longitud fija 00558nam a22001695i 4500
001 - NÚMERO DE CONTROL
campo de control 162860
003 - IDENTIFICADOR DE NÚMERO DE CONTROL
campo de control ES-MaACL
005 - FECHA Y HORA DE LA ÚLTIMA TRANSACCIÓN
campo de control 20230906212622.0
008 - DATOS DE LONGITUD FIJA--INFORMACIÓN GENERAL
campo de control de longitud fija 050705s1889 it |||| | ita d
040 ## - FUENTE DE CATALOGACIÓN
Centro catalogador/agencia de origen CAM
Lengua de catalogación spa
Centro/agencia transcriptor CAM
100 1# - ENTRADA PRINCIPAL--NOMBRE DE PERSONA
Nombre de persona Rabbeno, Ugo.
9 (RLIN) 131547
245 13 - MENCIÓN DEL TÍTULO
Título Le societá cooperative di produzione
Resto del título : contributo allo studio della questione operaia /
Mención de responsabilidad, etc. di Ugo Rabbeno.
260 ## - PUBLICACIÓN, DISTRIBUCIÓN, ETC.
Lugar de publicación, distribución, etc. Milano :
Nombre del editor, distribuidor, etc. Fratelli Dumolard Editori,
Fecha de publicación, distribución, etc. 1889.
300 ## - DESCRIPCIÓN FÍSICA
Extensión XIX, 531 p. ;
Dimensiones 22 cm.
752 ## - ENTRADA AGREGADA--NOMBRE JERÁRQUICO DEL LUGAR
País o entidad superior Italia -
Ciudad Milán
852 ## - LOCALIZACIÓN
Ubicación ES-MaACL
Número de control de estantería F-11827
Nota libre -- Enc. hol.
Holdings
Estatus retirado Estado de pérdida Estado de daño No para préstamo Colección Biblioteca de origen Biblioteca actual Ubicación en estantería Fecha de adquisición Fuente de adquisición Total de préstamos Signatura topográfica completa Código de barras Visto por última vez Precio de reemplazo Tipo de ítem Koha
        Libros del s. XIX Biblioteca del Ateneo de Madrid Biblioteca del Ateneo de Madrid Sala Pecera Planta 2 17/01/2008     F-11827 1170634 23/02/2023 23/02/2023 Libro impreso antiguo